DANFORTH`S OBSTETRICS & GYNAECOLOGY / (Record no. 798232)

MARC details
000 -LEADER
fixed length control field 00556pam a2200205 a 4500
020 ## - INTERNATIONAL STANDARD BOOK NUMBER
International Standard Book Number 9780781769372
Terms of availability 8118.00
041 ## - LANGUAGE CODE
Language code of text/sound track or separate title eng
Language code of original NULL
082 ## - DEWEY DECIMAL CLASSIFICATION NUMBER
Classification number 618
Item number GIB/KAR
100 ## - MAIN ENTRY--PERSONAL NAME
Personal name GIBBS, R .
245 ## - TITLE STATEMENT
Title DANFORTH`S OBSTETRICS & GYNAECOLOGY /
Statement of responsibility, etc. NULL.
Medium Textual Documents
250 ## - EDITION STATEMENT
Edition statement 10 /
Remainder of edition statement .
260 ## - PUBLICATION, DISTRIBUTION, ETC.
Place of publication, distribution, etc. NULL :
Name of publisher, distributor, etc. LIPPINCOTT WILLIAMS & WILKINS ,
Date of publication, distribution, etc. 2008.
300 ## - PHYSICAL DESCRIPTION
Extent 1136 :
Other physical details XII ;
Dimensions A4 .
365 ## - TRADE PRICE
Price type code 8118.00
Price note 1
650 ## - SUBJECT ADDED ENTRY--TOPICAL TERM
Topical term or geographic name entry element OBST.GYNE
700 ## - ADDED ENTRY--PERSONAL NAME
Personal name KARLAN, B .
-- HANEY, A .
907 ## - LOCAL DATA ELEMENT G, LDG (RLIN)
a 8123
930 ## - EQUIVALENCE OR CROSS-REFERENCE-UNIFORM TITLE HEADING [LOCAL, CANADA]
Uniform title 3698
Holdings
Withdrawn status Lost status Damaged status Not for loan Collection Home library Current library Date acquired Source of acquisition Cost, normal purchase price Total Checkouts Full call number Barcode Date last seen Copy number Price effective from Koha item type Date due Date last checked out
          Medical College & Hospital, Sangli Medical College & Hospital, Sangli 28/11/2011 8118.00   618 GIB/KAR MCS-8123 26/07/2023 2 26/07/2023 Book    
          Medical College & Hospital, Sangli Medical College & Hospital, Sangli 28/11/2011 8118.00 1 618 GIB/KAR MCS-8122 06/10/2023 1 26/07/2023 Book 01/10/2043 06/10/2023